MARC

LEADER 00000nam0a2200000 4500
001 57373
005 20231031054207.0
010 |a 5751100808 
035 |a (RuTPU)RU\TPU\book\60518 
090 |a 57373 
100 |a 20031029d1993 k y0rusy50 ca 
101 0 |a rus 
102 |a RU 
105 |a a z 001zy 
200 1 |a Отображение информации в АСУ реального времени  |f В. П. Бондаренко, А. Я. Клименко, В. Ф. Пашук и др.  |g Томский институт автоматизированных систем управления и радиоэлектроники 
210 |a Томск  |c Изд-во Томского ун-та  |d 1993 
215 |a 165 с.  |c ил. 
320 |a Библиогр.: с. 160-166 (134 назв.) 
610 1 |a вычислительные системы 
610 1 |a системы реального времени 
610 1 |a вводные устройства 
610 1 |a выводные устройства 
610 1 |a АСУ 
610 1 |a отображение 
610 1 |a отображения устройства 
675 |a 658.012.011.56:681.3  |v 3 
701 1 |a Бондаренко  |b В. П.  |g Владимир Петрович 
701 1 |a Клименко  |b А. Я.  |g Анатолий Яковлевич 
701 1 |a Пашук  |b В. Ф.  |g Виталий Филиппович 
701 1 |a Савчук  |b В. Л.  |g Виктор Леонидович 
701 1 |a Сулимов  |b Ю. И.  |g Юрий Иванович 
712 0 2 |a Томский институт автоматизированных систем управления и радиоэлектроники  |2 stltpush  |3 (RuTPU)RU\TPU\col\3065 
801 1 |a RU  |b 63413507  |c 20031029  |g PSBO 
801 2 |a RU  |b 63413507  |c 20070228  |g PSBO 
942 |c BK